000 00655nam a2200193 4500
001 5052
005 20181127174659.0
020 0 0 _a9789280646566
090 0 0 _a362.4095498 U5811s 2013
110 _aUNICEF
_b
_c
_d
_e
_n
_p
245 0 0 _aThe state of the world's children 2013 :
_bchildren with disabilities /
_cUNICEF.
_h
260 0 0 _aThimphu :
_bUNICEF,
_c2013.
300 0 0 _a153 p. : col. ill. ; 26 cm.
500 0 0 _a""United Nations Children's Fund"".
650 0 0 _aChildren with disabilities --Bhutan.
_x
650 0 0 _aHealth surveys --Bhutan.
_x
710 _aUnited Nations Children's Fund (UNICEF).
_b
_c
_d
_n
_o
_p
_r
_s
_t
999 _c4222
_d4222